Geografia fizyczna Afryki - Statystyki

Ogólne statystyki
  • Ten quiz został rozwiązany 451 razy
  • Średni wynik to 9 z 15
Statystyki odpowiedzi
Pytanie: Odpowiedź: % Poprawnych
Najdłuższa rzeka: Nil
94%
Największa wyspa: Madagaskar
92%
Największa pustynia: Sahara
88%
Najwyższy szczyt: Kilimandżaro
83%
Morze oddzielające Afrykę od Azji: Morze Czerwone
73%
Największe jezioro : Jezioro Wiktorii
72%
Kanał znajdujący się w Egipcie. Jeden z najważniejszych na świecie: Kanał Sueski
66%
Najdłuższe pasmo górskie: Atlas
57%
Największe morze: Morze Śródziemne
52%
Pustynia w Poł. Afryce pomiędzy Angolą a Namibią. Jej nazwa jest podobna do nazwy państwa: Pustynia Namib
52%
Największy półwysep: Półwysep Somalijski
44%
Drugie największe jezioro Afryki: Tanganika
42%
Przylądek odkryty przez Bartłomieja Diaza. Oddziela dwa oceany: Przylądek Dobrej Nadziei
39%
Najniższy punkt: Jezioro Assal
5%
Lasy znajdujące się w pobliżu równika np. w D.R. Konga lub Kenii: Lasy Podzwrotnikowe
2%
Nie znaleziono quizów pasujących do podanych kryteriów
Rozkład punktacji
Procent ludzi z każdym wynikiem
Percentyl według liczby udzielonych odpowiedzi
Twoja historia wyników
Nie rozwiązałeś tego quizu